000 00506nam a2200181Ia 4500
001 24635
005 20260414151056.0
008 260414t2010||||xx |||||||||||||| ||spa||
041 _aESP
082 _a345.721
_bB24
100 _aBarush Bush, Roberto
_eAUT
245 0 _aLa promesa de la mediación :
_bcómo afrontar el conflicto mediante la revalorización y el reconocimiento
260 _c2010
300 _a416 páginas :
_c22 cm.
650 _aDER
654 _aCDE
942 _cLIB
_dJUS
_fJUS
_2ddc
_n
999 _c24635
_d24635